| 000 | 00416nam a2200193Ia 4500 | ||
|---|---|---|---|
| 999 |
_c1533 _d1533 |
||
| 003 | 0100 | ||
| 008 | 130227s9999 xx 000 0 und d | ||
| 040 | _cARRUPELIB | ||
| 050 | _aDT878.Z9R72 1974 | ||
| 100 |
_aRoberts, Brian _940156 |
||
| 245 | 4 | _aThe Zulu Kings / | |
| 260 |
_aLondon _bHamish Hamilton _c1974 |
||
| 300 | _axii | ||
| 300 | _b 388p. 24cm. | ||
| 650 |
_aZulu (African people) _xKings and rulers _940157 |
||
| 650 |
_aZulu (African people) _xHistory _940158 |
||
| 942 |
_2lcc _cMONOGRAPH |
||